000
00211 a2200097 4500
020
_a
9781338767506
041
_a
spa
100
_a
Arnold, Ted
245
_a
Hombre Mosca y Chica Mosca Terror Nocturno
942
_c
BK
999
_c
27971
_d
27971